Determinants of the Bank Stability: Evidence of the Czech Republic

Odhad determinantov stability bánk v českom bankovom sektore. Meraný vplyv vybraných špecifických a makroekonomických premenných na bankovú stabilitu pomocou Z-skóre sa skúma pomocou ekonometrickej analýzy. Pomocou generalizovanej metódy momentov (GMM) sa zistilo, že medzi determinanty ovplyvňujúce...

Ausführliche Beschreibung

Gespeichert in:
Bibliographische Detailangaben
1. Verfasser: Kostka, Jan
Weitere Verfasser: Palečková, Iveta
Format: Buchkapitel
Sprache:Englisch
Schlagworte:
Tags: Tag hinzufügen
Keine Tags, Fügen Sie das erste Tag hinzu!

MARC

LEADER 00000naa a2200000 4500
001 0302932
005 20240703130252.7
041 0 |a eng 
044 |a CZ 
245 1 0 |a Determinants of the Bank Stability: Evidence of the Czech Republic  |c Jan Kostka, Iveta Palečková 
520 |a Odhad determinantov stability bánk v českom bankovom sektore. Meraný vplyv vybraných špecifických a makroekonomických premenných na bankovú stabilitu pomocou Z-skóre sa skúma pomocou ekonometrickej analýzy. Pomocou generalizovanej metódy momentov (GMM) sa zistilo, že medzi determinanty ovplyvňujúce stabilitu banky patrí pomer klasifikovaných úverov k celkovým úverom banky, kapitalizácia a miera inflácie. 
610 2 0 |a bankovníctvo 
610 2 0 |a banky obchodné 
610 2 0 |a stabilita finančná 
610 2 0 |a analýza ekonometrická 
610 2 0 |a úver 
610 2 0 |a kapitalizácia 
610 2 0 |a miera inflácie 
610 2 0 |a Česko 
100 1 |a Kostka, Jan 
700 1 |a Palečková, Iveta